अश्रू / (Record no. 58036)

MARC details
000 -LEADER
fixed length control field 01101nam a22002417a 4500
005 - DATE AND TIME OF LATEST TRANSACTION
control field 20111102142633.0
008 - FIXED-LENGTH DATA ELEMENTS--GENERAL INFORMATION
fixed length control field 111102t xxu||||| |||| 00| 0 mar d
010 ## - LCCN (DPL NO)
LC control number MAR-21517
020 ## - INTERNATIONAL STANDARD BOOK NUMBER
Terms of availability 100.00
035 ## - SYSTEM CONTROL NUMBER
System control number MR-14175
037 ## - SOURCE OF ACQUISITION
Source of stock number/acquisition DBAD / PUB
040 ## - CATALOGING SOURCE
Original cataloging agency DPL
Language of cataloging MR
082 ## - DEWEY DECIMAL CLASSIFICATION NUMBER
Classification number 891.461
100 ## - MAIN ENTRY--PERSONAL NAME
9 (RLIN) 35655
Personal name बैरागी,दत्तात्रेय
245 ## - TITLE STATEMENT
Title अश्रू /
Statement of responsibility, etc दत्तात्रेय बैरागी
246 ## - VARYING FORM OF TITLE
Title proper/short title Ashru
Remainder of title by Duttatrey Beragi
260 ## - PUBLICATION, DISTRIBUTION, ETC. (IMPRINT)
Place of publication, distribution, etc नाशिक
Name of publisher, distributor, etc दत्तात्रेय मोहनदास बैरागी
Date of publication, distribution, etc 2009
270 ## - ADDRESS
Address मु. जळगाव पो.काथरगाव ता.निपाड जि
City नाशिक
300 ## - PHYSICAL DESCRIPTION
Extent 92पृ.
Other physical details 20सेमी(अजिल्द)
700 ## - ADDED ENTRY--PERSONAL NAME
Personal name कोळेकर,वैशाली
9 (RLIN) 35682
942 ## - ADDED ENTRY ELEMENTS (KOHA)
Source of classification or shelving scheme Dewey Decimal Classification
Item type Marathi Books
Call number suffix बैरागी
Classification part 891.461
Holdings
Withdrawn status Lost status Source of classification or shelving scheme Damaged status Not for loan Collection code Home library Current library Date acquired Source of acquisition Cost, normal purchase price Total Checkouts Full call number Barcode Date last seen Copy number Cost, replacement price Koha item type
    Dewey Decimal Classification   Not For Loan Non-fiction D.B.Act.Division D.B.Act.Division 03/11/2011 DBAD / PUB 100.00   891.461 बैरागी MR-14175 03/11/2011 1 100.00 Marathi Books

© Delhi Public Library
Hit Counter
free hit counter